<?xml version="1.0" encoding="UTF-8"?>
<collection xmlns="http://www.loc.gov/MARC21/slim">
  <record>
    <leader>00000nam  2200000   4500</leader>
    <controlfield tag="001">INLIS000000000011707</controlfield>
    <controlfield tag="005">20220124015331</controlfield>
    <datafield tag="035" ind1="#" ind2="#">
      <subfield code="a">0010-0122000014</subfield>
    </datafield>
    <datafield tag="245" ind1="1" ind2="#">
      <subfield code="a">SiLAPOR BAGUS (SISTEM LAYANAN     PENGADUAN ONLINE BANGUNAN DAN TEMPAT USAHA DINAS PENANAMAN MODAL DAN PELAYANAN TERPADU SATU PINTU KOTA BONTANG /</subfield>
      <subfield code="c">Andi Kurniawansah, S.H, M.H</subfield>
    </datafield>
    <datafield tag="100" ind1="1" ind2="#">
      <subfield code="a">KURNIAWANSAH, Andi</subfield>
    </datafield>
    <datafield tag="250" ind1="#" ind2="#">
      <subfield code="a">1</subfield>
    </datafield>
    <datafield tag="300" ind1="#" ind2="#">
      <subfield code="a">xvii, 63 halaman' lampiran :</subfield>
      <subfield code="b">ilustrasi ;</subfield>
      <subfield code="c">30 cm</subfield>
    </datafield>
    <datafield tag="260" ind1="#" ind2="#">
      <subfield code="a">Samarinda :</subfield>
      <subfield code="b">Puslatbang KDOD,</subfield>
      <subfield code="c">2021</subfield>
    </datafield>
    <datafield tag="084" ind1="#" ind2="#">
      <subfield code="a">PKA 044 2021</subfield>
    </datafield>
    <datafield tag="650" ind1="#" ind2="#">
      <subfield code="a">Proyek Perubahan</subfield>
    </datafield>
    <datafield tag="650" ind1="#" ind2="#">
      <subfield code="a">Kepemimpinan Administrasi</subfield>
    </datafield>
    <datafield tag="650" ind1="#" ind2="#">
      <subfield code="a">pandemi covid</subfield>
    </datafield>
    <datafield tag="650" ind1="#" ind2="#">
      <subfield code="a">teknologi informasi</subfield>
    </datafield>
    <datafield tag="650" ind1="#" ind2="#">
      <subfield code="a">aplikasi pemerintah</subfield>
    </datafield>
    <datafield tag="650" ind1="#" ind2="#">
      <subfield code="a">layanan masyarakat</subfield>
    </datafield>
    <datafield tag="650" ind1="#" ind2="#">
      <subfield code="a">manajemen pelayanan</subfield>
    </datafield>
    <datafield tag="520" ind1="#" ind2="#">
      <subfield code="a">Laporan proyek perubahan ini menjelaskan masalah di era Pandemi Covid 19 dimana layanan publik dibatasi dan dilakukan secara online membut layanan pengaduan terbatas pada masyarakat yang mempunyai akun di Aplikasi Perizinan Digital Dinas Penanaman Modal Dan Pelayanan Terpadu Satu Pintu Kota Bontang..Proyek Perubahan SILAPOR Bagus adalah suatu terobosan dalam rangka meningkatkan pelayan publik khususnya layanan pengaduan berbasis website untuk memberikan kemudahan kepada masyarakat dalam menyampaikan pengaduan terkait pelayanan publik DPMPTSP Kota Bontang</subfield>
    </datafield>
    <datafield tag="500" ind1="#" ind2="#">
      <subfield code="a">Coach : Veronika Hanna Naibaho&#13;
Penguji : Dr Mariman Darto, M.Si&#13;
Mentor : Riza Pahlevi, S.E.</subfield>
    </datafield>
    <datafield tag="990" ind1="#" ind2="#">
      <subfield code="a">PKA/044/2021</subfield>
    </datafield>
  </record>
</collection>
